000 00221 a2200109 4500
005 20260114123241.0
020 _a9780008606640
100 _aMafi T.
_9216344
245 _aImagine Me
260 _bDean
_c2023
942 _cAR
999 _c369888
_d369888